| 000 | 00838nam a2200205 4500 | ||
|---|---|---|---|
| 001 | 137598 | ||
| 003 | ES-MaACL | ||
| 005 | 20250827063223.0 | ||
| 007 | t| | ||
| 008 | 070214s1946 sp r ||||1| spa d | ||
| 100 | 0 |
_aJosé Abel Salazar de Cristo Rey, _d1911-1976 _966973 |
|
| 245 | 1 | 4 |
_aLos estudios eclesiásticos superiores en el Nuevo Reino de Granada _b: (1563-1810) / _cpor el P. Fray José Abel Salazar. |
| 260 |
_aMadrid : _bConsejo Superior de Investigaciones Científicas, Instituto Santo Toribio de Mogrovejo, _c1946. |
||
| 300 |
_aXXIII, 781 p., 11 lám. ; _c25 cm. |
||
| 490 | 1 |
_aBiblioteca missionalia hispanica ; _v3 |
|
| 710 | 2 |
_aInstituto Santo Toribio de Mogrovejo. _9181352 |
|
| 830 | 0 |
_aBiblioteca missionalia hispanica ; _v3 _9184173 |
|
| 852 |
_aES-MaACL _jC-3908 _bR.23339 |
||
| 999 |
_c137598 _d137598 |
||